000 00474nam a2200181 a 4500
001 156803
003 OSt
005 20211026161327.0
008 190314 ### HIN
020 _a9781108416580
082 _a531.01515
_bL54A
100 _aLemos, Nivaldo A.
245 _aAnalytical mechanics
_cby Nivaldo A. Lemos
260 _aCambridge
_bCambridge University Press
_c2018
300 _axiii, 459p.
653 _aMechanics, Analytic
942 _2ddc
_cBK
999 _c19193
_d19193